[Event "5. Fair-Open 2005"]
[Site "Jena"]
[Date "2005.10.19"]
[Round "4.4"]
[White "Sobolevski, Leonid"]
[Black "Schober, Manfred"]
[Result "1-0"]
[WhiteElo "2358"]
[BlackElo "2050"]
[PlyCount "67"]
[EventDate "2005.??.??"]

1. e4 e5 2. Nf3 Nc6 3. d4 exd4 4. c3 d5 5. Bd3 Nf6 6. e5 Ne4 7. cxd4 Bb4+ 8.
Kf1 O-O 9. Qb3 a5 10. Nc3 Nxc3 11. bxc3 Be7 12. h4 f5 13. a4 b6 14. Bf4 Be6 15.
Ng5 Bxg5 16. hxg5 g6 17. Rh6 Kg7 18. Ke2 Ne7 19. Rah1 Rh8 20. R1h3 Rb8 21. Qb1
Rc8 22. Qh1 Qg8 23. Bc1 c5 24. Ba3 Rc7 25. Qb1 c4 26. Bc2 Nc8 27. R3h4 Qd8 28.
f4 Rd7 29. g4 Rf7 30. gxf5 Bxf5 31. Bxf5 Rxf5 32. Qh1 Qg8 33. Ke3 Rf7 34. Qxd5
1-0

[Event "5. Fair-Open 2005"]
[Site "Jena"]
[Date "2005.10.19"]
[Round "4.5"]
[White "Hoffmann, Steffen"]
[Black "Struk, Jerzy"]
[Result "0-1"]
[WhiteElo "2049"]
[BlackElo "2254"]
[PlyCount "62"]
[EventDate "2005.??.??"]

1. d4 Nf6 2. Nf3 d5 3. g3 e6 4. c4 Be7 5. Bg2 O-O 6. O-O dxc4 7. Ne5 Nc6 8.
Nxc6 bxc6 9. Na3 Bxa3 10. bxa3 Nd5 11. Qa4 Nb6 12. Qxc6 Rb8 13. Qc5 Bb7 14. e4
f5 15. Bf4 Rc8 16. d5 exd5 17. exd5 Bxd5 18. Rad1 c6 19. Rfe1 Re8 20. Bh3 Qf6
21. Be3 Qf7 22. Rd4 Re7 23. Rf4 g6 24. Rd1 Be4 25. Rh4 Rce8 26. Bf1 Bd5 27. Bd2
Bf3 28. Rc1 Bd5 29. Qd4 Re4 30. Rxe4 Rxe4 31. Qc5 Qe7 {
restliche Züge leider nicht rekonstruierbar} 0-1

[Event "5. Fair-Open 2005"]
[Site "Jena"]
[Date "2005.10.19"]
[Round "4.6"]
[White "Puschendorf, Steffen"]
[Black "Hillmann, Ralf"]
[Result "1-0"]
[WhiteElo "2163"]
[BlackElo "1951"]
[PlyCount "51"]
[EventDate "2005.??.??"]

1. d4 f5 2. g3 Nf6 3. Bg2 g6 4. Nh3 Bg7 5. O-O O-O 6. Nf4 d6 7. d5 Qe8 8. Nc3
Na6 9. Be3 c6 10. Rb1 Bd7 11. a3 Nc7 12. Qd3 Qf7 13. h4 Ng4 14. Bd4 Ne5 15. Qd1
c5 16. Be3 Nc4 17. Bc1 b5 18. Ne6 Rfc8 19. Nxg7 Kxg7 20. b3 Nb6 21. Bb2 Kg8 22.
e4 fxe4 23. Nxe4 Rab8 24. Ng5 Qf5 25. Qe2 h6 26. Qxe7 1-0

[Event "5. Fair-Open 2005"]
[Site "Jena"]
[Date "2005.10.19"]
[Round "4.7"]
[White "Loose, Helmut"]
[Black "Müller, Reinhold"]
[Result "0-1"]
[WhiteElo "1893"]
[BlackElo "2132"]
[PlyCount "51"]
[EventDate "2005.??.??"]

1. e4 c5 2. Nf3 d6 3. d4 cxd4 4. Nxd4 Nf6 5. Nc3 g6 6. Be3 Bg7 7. Qd2 Ng4 8.
Bc4 Nxe3 9. Qxe3 O-O 10. Nde2 Nc6 11. O-O Bd7 12. Kh1 Rc8 13. Bb3 a6 14. a3 Na5
15. Ba2 b5 16. Rad1 Nc4 17. Qd3 a5 18. Bxc4 Rxc4 19. a4 Qb8 20. Nxb5 Bxb5 21.
axb5 Qxb5 22. b3 Rc5 23. Qxb5 Rxb5 24. c4 Rb4 25. f4 Rfb8 26. Rf3 0-1

[Event "5. Fair-Open 2005"]
[Site "Jena"]
[Date "2005.10.20"]
[Round "5.1"]
[White "Cioara, Andrei Nestor"]
[Black "Ksieski, Zbigniew"]
[Result "1-0"]
[WhiteElo "2436"]
[BlackElo "2395"]
[PlyCount "107"]
[EventDate "2005.??.??"]

1. e4 c5 2. Nf3 e6 3. d4 cxd4 4. Nxd4 Nc6 5. Nc3 d6 6. Be3 Nf6 7. f3 Be7 8. Qd2
O-O 9. g4 d5 10. g5 Nxd4 11. Qxd4 Nh5 12. O-O-O Bxg5 13. Rg1 Bxe3+ 14. Qxe3 Qb6
15. Qxb6 axb6 16. exd5 Nf6 17. a3 Ra5 18. Bc4 Rc5 19. Bb3 exd5 20. Nxd5 Nxd5
21. Bxd5 g6 22. Rge1 Kg7 23. b4 Rc7 24. Kb2 Bf5 25. c4 Rd8 26. a4 Kf6 27. Kb3
Rcd7 28. Rd4 h5 29. f4 h4 30. Rd2 Be6 31. Re5 Rd6 32. Kc3 R6d7 33. Rd3 Rd6 34.
Be4 Rxd3+ 35. Bxd3 Bd7 36. Rd5 Ke7 37. b5 Ra8 38. Kb4 Be6 39. Rd4 Rd8 40. Rxd8
Kxd8 41. c5 Kc7 42. cxb6+ Kxb6 43. a5+ Kc7 44. Kc5 Bg4 45. b6+ Kc8 46. Kd6 Bf3
47. Ke7 Bd5 48. Bb5 Bc6 49. Bxc6 bxc6 50. a6 c5 51. Kd6 c4 52. Kc6 Kb8 53. a7+
Ka8 54. Kc7 1-0

[Event "5. Fair-Open 2005"]
[Site "Jena"]
[Date "2005.10.20"]
[Round "5.2"]
[White "Struk, Jerzy"]
[Black "Mikhaletz, Lubomir"]
[Result "1/2-1/2"]
[WhiteElo "2254"]
[BlackElo "2468"]
[PlyCount "41"]
[EventDate "2005.??.??"]

1. e4 c5 2. c3 Nf6 3. e5 Nd5 4. Nf3 e6 5. d4 cxd4 6. cxd4 b5 7. Bd3 b4 8. O-O
Ba6 9. Bxa6 Nxa6 10. Nbd2 Nac7 11. Ne4 h6 12. Qd3 Rb8 13. Re1 Be7 14. Bd2 O-O
15. Rac1 a5 16. h3 Ne8 17. Nh2 f5 18. exf6 Nexf6 19. Nxf6+ Bxf6 20. Nf3 Re8 21.
Rc5 {restliche Züge nicht zu entziffern} 1/2-1/2

[Event "5. Fair-Open 2005"]
[Site "Jena"]
[Date "2005.10.20"]
[Round "5.3"]
[White "Bojkov, Dejan"]
[Black "Sobolevski, Leonid"]
[Result "0-1"]
[WhiteElo "2516"]
[BlackElo "2358"]
[PlyCount "94"]
[EventDate "2005.??.??"]

1. e4 e5 2. Nf3 Nc6 3. Bc4 Nf6 4. d3 h6 5. O-O d6 6. c3 Be7 7. Re1 O-O 8. Nbd2
Na5 9. Bb5 a6 10. Ba4 b5 11. Bc2 c5 12. Nf1 Kh7 13. h3 g6 14. d4 Qc7 15. Ne3
Bb7 16. dxe5 dxe5 17. Nd5 Bxd5 18. exd5 Bd6 19. b3 Rfe8 20. a4 e4 21. Nd2 e3
22. Rxe3 Rxe3 23. fxe3 Nxd5 24. Ne4 Bh2+ 25. Kh1 Rd8 26. axb5 axb5 27. Qf1 f5
28. Qxb5 fxe4 29. Qxa5 Rf8 30. Qxc7+ Bxc7 31. Bb2 Rf2 32. Bxe4 Nf6 33. Bd3 Rxb2
34. Ra7 Ne8 35. Rb7 c4 36. Be4 Rxb3 37. Ra7 Kg7 38. g4 Kf6 39. Bd5 Bb6 40. Rf7+
Kg5 41. Bxc4 Rxc3 42. Bd5 Rxe3 43. Kg2 Kh4 44. Rb7 Re2+ 45. Kf1 Rf2+ 46. Ke1
Rb2 47. Re7 Nf6 0-1

[Event "5. Fair-Open 2005"]
[Site "Jena"]
[Date "2005.10.20"]
[Round "5.4"]
[White "Krämer, Martin"]
[Black "Puschendorf, Steffen"]
[Result "1-0"]
[WhiteElo "2389"]
[BlackElo "2163"]
[PlyCount "83"]
[EventDate "2005.??.??"]

1. Nf3 Nf6 2. d4 g6 3. Nbd2 Bg7 4. e4 d6 5. Bd3 O-O 6. O-O Nbd7 7. Re1 e5 8. c3
Re8 9. d5 Nh5 10. a4 Nf4 11. Bf1 Nf8 12. a5 a6 13. Nc4 h6 14. Kh1 Nh7 15. Be3
Nf6 16. g3 N4h5 17. Nfd2 Ng4 18. Be2 Nxe3 19. Nxe3 Nf6 20. b4 h5 21. c4 Bh6 22.
Ra3 Kg7 23. c5 Qd7 24. f3 Nh7 25. Ndc4 Qe7 26. cxd6 cxd6 27. Nb6 Rb8 28. Rc3
Bh3 29. Qc2 Qg5 30. Nd1 Qd2 31. Rg1 Qxc2 32. Rxc2 Bc8 33. Rf1 Nf6 34. Nb2 Be3
35. N6c4 Bd4 36. Nxd6 Rd8 37. Ndc4 Ne8 38. Nd3 f6 39. Rfc1 Bd7 40. Nc5 Kf7 41.
Nb6 Bh3 42. Bf1 1-0

[Event "5. Fair-Open 2005"]
[Site "Jena"]
[Date "2005.10.20"]
[Round "5.5"]
[White "Müller, Reinhold"]
[Black "Kwossek, Georg"]
[Result "1-0"]
[WhiteElo "2132"]
[BlackElo "2110"]
[PlyCount "97"]
[EventDate "2005.??.??"]

1. d4 Nf6 2. c4 e6 3. Nf3 d5 4. g3 Be7 5. Bg2 O-O 6. O-O dxc4 7. Qc2 a6 8. Qxc4
b5 9. Qc2 Bb7 10. Bf4 Nc6 11. Rd1 Bd6 12. a3 Bxf4 13. gxf4 Ne7 14. Nc3 Qd6 15.
e3 c5 16. Ne5 Bxg2 17. Kxg2 Rac8 18. Kg1 Rfd8 19. Ne4 Nxe4 20. Qxe4 Qd5 21.
Qxd5 Nxd5 22. dxc5 a5 23. Rac1 Kf8 24. c6 f6 25. Nf3 Ke7 26. Nd4 Nc7 27. Rc5 g6
28. Rdc1 Rb8 29. b4 a4 30. Kg2 Rd6 31. h4 h5 32. Kf3 Rdd8 33. Rg1 Kf7 34. Ke4
Rh8 35. Kf3 Rhc8 36. Rd1 Ke8 37. e4 Rd8 38. Ke3 Rdc8 39. Rc2 Rd8 40. Rg1 Kf7
41. f5 exf5 42. exf5 Re8+ 43. Kf3 gxf5 44. Nxf5 Kf8 45. Nh6 Ne6 46. Rg8+ Ke7
47. Nf5+ Kf7 48. Rxe8 Rxe8 49. c7 1-0

[Event "5. Fair-Open 2005"]
[Site "Jena"]
[Date "2005.10.20"]
[Round "5.6"]
[White "Pichl, Michael"]
[Black "Wolf, Isaak"]
[Result "1-0"]
[WhiteElo "2110"]
[BlackElo "1875"]
[PlyCount "86"]
[EventDate "2005.??.??"]

1. Nf3 d5 2. g3 Nc6 3. Bg2 e5 4. d3 Nf6 5. O-O Bc5 6. c4 dxc4 7. Qa4 O-O 8.
Qxc4 Bb6 9. a3 Be6 10. Qc2 Qd7 11. Re1 Rad8 12. Nc3 h6 13. Na4 Rc8 14. Nc5 Bxc5
15. Qxc5 Qd6 16. Qc2 Bd5 17. e4 Be6 18. Be3 Rcd8 19. Bc5 Qxd3 20. Qxd3 Rxd3 21.
Bxf8 Kxf8 22. Rac1 Rb3 23. Rc2 Bg4 24. Nd2 Rd3 25. Nc4 Nd4 26. Rd2 Rxd2 27.
Nxd2 g5 28. Nc4 Nd7 29. Ne3 Be6 30. Nf5 Bxf5 31. exf5 b6 32. Be4 f6 33. Kf1 Ke7
34. b4 c5 35. Rc1 Kd6 36. f3 Ke7 37. Kf2 Kd6 38. Ke3 Ke7 39. g4 Kf7 40. Bb7 Ke7
41. Bc8 Nf8 42. bxc5 Nb3 43. cxb6 axb6 1-0

[Event "5. Fair-Open 2005"]
[Site "Jena"]
[Date "2005.10.20"]
[Round "5.7"]
[White "Hillmann, Ralf"]
[Black "Koch, Herbert"]
[Result "1-0"]
[WhiteElo "1951"]
[BlackElo "2060"]
[PlyCount "61"]
[EventDate "2005.??.??"]

1. d4 Nf6 2. Nf3 c5 3. c4 cxd4 4. Nxd4 Nc6 5. Nc3 g6 6. e4 Nxd4 7. Qxd4 d6 8.
Be3 Bg7 9. Qd2 O-O 10. Be2 Be6 11. f3 Qa5 12. O-O Nd7 13. Rab1 Kh8 14. b4 Qc7
15. Nb5 Qb8 16. Nd4 Rc8 17. Nxe6 fxe6 18. f4 a5 19. f5 exf5 20. exf5 Ne5 21.
Bd4 Nxc4 22. Bxg7+ Kxg7 23. Bxc4 Rxc4 24. fxg6 Qa7+ 25. Kh1 Qd4 26. Qg5 hxg6
27. Qxe7+ Kg8 28. Qf7+ Kh8 29. Rf3 Rc3 30. Rf4 Qxb4 31. Rbxb4 1-0

[Event "5. Fair-Open 2005"]
[Site "Jena"]
[Date "2005.10.20"]
[Round "5.8"]
[White "Schober, Manfred"]
[Black "Ludwig, David"]
[Result "1-0"]
[WhiteElo "2050"]
[BlackElo "1611"]
[PlyCount "41"]
[EventDate "2005.??.??"]

1. c4 Nf6 2. Nc3 e6 3. g3 d5 4. Bg2 c6 5. cxd5 exd5 6. d4 Bf5 7. Nf3 h6 8. O-O
Bd6 9. Ne5 Bxe5 10. dxe5 Ng4 11. e4 dxe4 12. Qe2 Nxe5 13. Bxe4 Be6 14. Rd1 Qc8
15. Bf4 Ng6 16. Bxg6 fxg6 17. Rd6 Kf7 18. Re1 Re8 19. Ne4 Nd7 20. Rxe6 Kxe6 21.
Nd6+ 1-0

[Event "5. Fair-Open 2005"]
[Site "Jena"]
[Date "2005.10.20"]
[Round "6.1"]
[White "Müller, Reinhold"]
[Black "Cioara, Andrei Nestor"]
[Result "0-1"]
[WhiteElo "2132"]
[BlackElo "2436"]
[PlyCount "60"]
[EventDate "2005.??.??"]

1. d4 e6 2. c4 Nf6 3. Nf3 b6 4. g3 Ba6 5. Nbd2 c5 6. Bg2 Bb7 7. e4 d6 8. O-O
cxd4 9. Nxd4 a6 10. Re1 Qc7 11. a3 Nc6 12. Nxc6 Bxc6 13. b4 Be7 14. Bb2 O-O 15.
Qb3 Nd7 16. Nf3 Bb7 17. Rac1 Rac8 18. e5 dxe5 19. Nxe5 Bxg2 20. Kxg2 Nxe5 21.
Bxe5 Qc6+ 22. Qf3 a5 23. bxa5 bxa5 24. Rc3 f6 25. Bf4 e5 26. Bc1 Rfd8 27. Re2
Bc5 28. Rd2 Rxd2 29. Bxd2 e4 30. Qf5 e3+ 0-1

[Event "5. Fair-Open 2005"]
[Site "Jena"]
[Date "2005.10.20"]
[Round "6.2"]
[White "Mikhaletz, Lubomir"]
[Black "Sobolevski, Leonid"]
[Result "1/2-1/2"]
[WhiteElo "2468"]
[BlackElo "2358"]
[PlyCount "27"]
[EventDate "2005.??.??"]

1. e4 e5 2. Nf3 Nc6 3. Bb5 a6 4. Ba4 Nf6 5. O-O Be7 6. Re1 b5 7. Bb3 O-O 8. c3
d5 9. exd5 e4 10. dxc6 exf3 11. d4 Bd6 12. Qxf3 Re8 13. Rxe8+ Qxe8 14. Nd2
1/2-1/2

[Event "5. Fair-Open 2005"]
[Site "Jena"]
[Date "2005.10.20"]
[Round "6.3"]
[White "Ksieski, Zbigniew"]
[Black "Krämer, Martin"]
[Result "1/2-1/2"]
[WhiteElo "2395"]
[BlackElo "2389"]
[PlyCount "105"]
[EventDate "2005.??.??"]

1. d4 Nf6 2. c4 e6 3. g3 d5 4. Bg2 Be7 5. Nf3 O-O 6. O-O dxc4 7. Qc2 a6 8. Nbd2
b5 9. Ng5 Ra7 10. a4 c6 11. Ndf3 h6 12. Nh3 Nbd7 13. Rd1 Bb7 14. b3 cxb3 15.
Qxb3 Nb6 16. Ne5 Nxa4 17. Nf4 Nd5 18. e4 Nxf4 19. Bxf4 Bd6 20. Rac1 Bxe5 21.
dxe5 Qe7 22. Rd6 c5 23. Be3 Rc8 24. Rcd1 Bc6 25. Qc2 Rac7 26. g4 b4 27. Rxc6
Rxc6 28. Qxa4 c4 29. Bf1 Qb7 30. Rb1 b3 31. Bd4 Qb5 32. Qa3 a5 33. Bc3 a4 34.
Rd1 Ra6 35. Rd6 Raa8 36. h4 Kh7 37. g5 hxg5 38. hxg5 Qc5 39. Qc1 g6 40. Qf4 Kg8
41. Bh3 Re8 42. Qf6 Qc7 43. Rxe6 Rxe6 44. Bxe6 fxe6 45. Qxg6+ Qg7 46. Qxe6+ Qf7
47. Qc6 Rf8 48. f4 a3 49. f5 b2 50. Qb5 Qh5 51. Qxc4+ Rf7 52. Qc8+ Rf8 53. Qc4+
1/2-1/2

[Event "5. Fair-Open 2005"]
[Site "Jena"]
[Date "2005.10.20"]
[Round "6.4"]
[White "Schober, Manfred"]
[Black "Struk, Jerzy"]
[Result "0-1"]
[WhiteElo "2050"]
[BlackElo "2254"]
[PlyCount "34"]
[EventDate "2005.??.??"]

1. c4 e6 2. Nc3 Nf6 3. Nf3 d5 4. d4 Be7 5. g3 O-O 6. Bg2 dxc4 7. Ne5 Nc6 8.
Nxc6 bxc6 9. O-O Rb8 10. e4 Rb4 11. Rb1 c5 12. d5 exd5 13. e5 c6 14. exf6 Bxf6
15. a3 Rb3 16. Nxd5 cxd5 17. Bxd5 Rd3 0-1

[Event "5. Fair-Open 2005"]
[Site "Jena"]
[Date "2005.10.20"]
[Round "6.5"]
[White "Kottwitz, Daniel"]
[Black "Bojkov, Dejan"]
[Result "0-1"]
[WhiteElo "2041"]
[BlackElo "2516"]
[PlyCount "44"]
[EventDate "2005.??.??"]

1. e4 d6 2. d4 Nf6 3. Nc3 e5 4. dxe5 dxe5 5. Qxd8+ Kxd8 6. Bc4 Be6 7. Bxe6 fxe6
8. Be3 Bd6 9. f3 Ke7 10. Nh3 Nc6 11. O-O-O a6 12. Nf2 b5 13. Nd3 Nd7 14. Rhf1
h6 15. Nb1 Na5 16. b3 c5 17. Rd2 c4 18. Nf2 Rhc8 19. Kb2 b4 20. c3 bxc3+ 21.
Nxc3 cxb3 22. axb3 Rab8 0-1

[Event "5. Fair-Open 2005"]
[Site "Jena"]
[Date "2005.10.20"]
[Round "6.6"]
[White "Puschendorf, Steffen"]
[Black "Kretzschmar, Bernd"]
[Result "1-0"]
[WhiteElo "2163"]
[BlackElo "1883"]
[PlyCount "102"]
[EventDate "2005.??.??"]

1. d4 g6 2. c4 Bg7 3. Nc3 d6 4. e4 c6 5. Nge2 e5 6. d5 Nf6 7. Ng3 h5 8. h4 Nh7
9. Be2 Bf6 10. dxc6 bxc6 11. c5 dxc5 12. Qxd8+ Bxd8 13. Be3 Be7 14. Na4 Nd7 15.
Rc1 Nhf6 16. Nxc5 Nxc5 17. Bxc5 Bb7 18. f3 Nd7 19. Bxe7 Kxe7 20. Nf1 Rhd8 21.
Nd2 Nf8 22. Nc4 Rac8 23. Nxe5 f6 24. Nd3 Ne6 25. Nc5 Nxc5 26. Rxc5 Rd4 27. Rc2
Rcd8 28. Kf2 Rd2 29. Rhc1 f5 30. Ke3 R2d4 31. Rc5 fxe4 32. fxe4 Rd2 33. R1c2
Rxc2 34. Rxc2 Ke6 35. Rc5 Re8 36. Rg5 Kf6 37. Bd3 Re5 38. Kf4 Rxg5 39. hxg5+
Ke6 40. g3 Bc8 41. Bc4+ Ke7 42. Ke5 Bg4 43. b4 Bd1 44. Kd4 Ba4 45. Kc5 Kf8 46.
Kd6 Bc2 47. e5 Be4 48. e6 Ke8 49. e7 Bf5 50. b5 c5 51. b6 a6 1-0

[Event "5. Fair-Open 2005"]
[Site "Jena"]
[Date "2005.10.20"]
[Round "6.7"]
[White "Pichl, Michael"]
[Black "Hillmann, Ralf"]
[Result "0-1"]
[WhiteElo "2110"]
[BlackElo "1951"]
[PlyCount "75"]
[EventDate "2005.??.??"]

1. Nf3 f5 2. g3 Nf6 3. Bg2 g6 4. O-O Bg7 5. d4 O-O 6. c4 d6 7. Nc3 Qe8 8. Re1
Qf7 9. b3 h6 10. Bb2 Na6 11. Rc1 c6 12. Qc2 Bd7 13. a3 Rae8 14. e4 fxe4 15.
Nxe4 Nxe4 16. Qxe4 Bf5 17. Qe2 Bg4 18. Rc3 Bxd4 19. Qd2 Bxc3 20. Qxc3 e5 21.
Re3 Kh7 22. Qd2 Re6 23. Nh4 Rf6 24. f4 exf4 25. gxf4 Rxf4 26. Qe1 g5 27. Re7
gxh4 28. Qxh4 Bf3 29. Rxf7+ R8xf7 30. Qd8 Bxg2 31. Qh8+ Kg6 32. Bc1 Rf1+ 33.
Kxg2 Rxc1 34. h3 Nc5 35. Qg8+ Rg7 36. Qe8+ Kf6+ 37. Kf3 Rf1+ 38. Ke2 0-1

[Event "5. Fair-Open 2005"]
[Site "Jena"]
[Date "2005.10.21"]
[Round "7.1"]
[White "Cioara, Andrei Nestor"]
[Black "Krämer, Martin"]
[Result "1/2-1/2"]
[WhiteElo "2436"]
[BlackElo "2389"]
[PlyCount "49"]
[EventDate "2005.??.??"]

1. d4 Nf6 2. c4 e6 3. Nf3 b6 4. a3 Bb7 5. Nc3 d5 6. cxd5 Nxd5 7. Bd2 Nd7 8. Qc2
Be7 9. e4 Nxc3 10. Bxc3 O-O 11. O-O-O Rc8 12. h4 Re8 13. Rh3 Nf8 14. Rg3 Bxh4
15. Rg4 Bf6 16. Bd3 g6 17. e5 Bg7 18. Kb1 Qe7 19. Bd2 c5 20. Bg5 Qc7 21. Bb5
Bc6 22. Ba6 Bb7 23. Bb5 Bc6 24. Ba6 Bb7 25. Bb5 1/2-1/2

[Event "5. Fair-Open 2005"]
[Site "Jena"]
[Date "2005.10.21"]
[Round "7.2"]
[White "Bojkov, Dejan"]
[Black "Mikhaletz, Lubomir"]
[Result "0-1"]
[WhiteElo "2516"]
[BlackElo "2468"]
[PlyCount "76"]
[EventDate "2005.??.??"]

1. e4 c5 2. Nf3 e6 3. c4 Nc6 4. Nc3 Nf6 5. Be2 d5 6. exd5 exd5 7. d4 dxc4 8. d5
Na5 9. O-O Be7 10. Bf4 Nh5 11. Be5 Bf6 12. Ne4 O-O 13. Qd2 Re8 14. Nxf6+ Nxf6
15. Bxf6 gxf6 16. Rfe1 Bf5 17. Nh4 Bg6 18. Bf3 Qb6 19. Qc3 Qb4 20. g3 Qxc3 21.
bxc3 b5 22. Ng2 Rxe1+ 23. Rxe1 b4 24. Nf4 Bc2 25. d6 Rd8 26. d7 Kf8 27. cxb4
cxb4 28. Nd5 b3 29. Nxf6 Kg7 30. Re8 Nb7 31. Bxb7 b2 32. Nh5+ Kh6 33. Re1 b1=Q
34. Rxb1 Bxb1 35. Nf6 c3 36. Ng4+ Kg7 37. Ne3 Rxd7 38. Bc6 Rd1+ 0-1

[Event "5. Fair-Open 2005"]
[Site "Jena"]
[Date "2005.10.21"]
[Round "7.3"]
[White "Sobolevski, Leonid"]
[Black "Puschendorf, Steffen"]
[Result "0-1"]
[WhiteElo "2358"]
[BlackElo "2163"]
[PlyCount "128"]
[EventDate "2005.??.??"]

1. e4 e6 2. d4 d5 3. Nc3 dxe4 4. Nxe4 Nd7 5. Nf3 Ngf6 6. Bd3 Be7 7. Nxf6+ Bxf6
8. Qe2 Qe7 9. c3 c5 10. dxc5 Nxc5 11. Bb5+ Bd7 12. Be3 Rc8 13. Rd1 a6 14. Bxc5
Bxb5 15. Qxb5+ axb5 16. Bxe7 Kxe7 17. a3 h5 18. h4 Rc4 19. Rd2 Re4+ 20. Kd1 Rc8
21. g3 Rc5 22. Re1 Rxe1+ 23. Kxe1 g6 24. Rd3 Bg7 25. Nd2 f5 26. Ke2 f4 27. Rf3
Re5+ 28. Kd3 Bh6 29. Nb3 fxg3 30. fxg3 b6 31. Nd4 Rd5 32. Rf2 Bc1 33. Rc2 Bh6
34. Re2 Kd7 35. b4 Bg7 36. Ke4 Be5 37. Re3 Bg7 38. Rf3 Ke7 39. Rd3 Kf6 40. Rd2
g5 41. Ra2 Bh6 42. a4 bxa4 43. Rxa4 Re5+ 44. Kd3 g4 45. Ra6 Re3+ 46. Kc2 Rxg3
47. Rxb6 Re3 48. Ra6 Re1 49. Kd3 g3 50. Ra2 Bf4 51. Re2 Rd1+ 52. Kc2 Rc1+ 53.
Kb2 e5 54. Nf3 Rf1 55. Ne1 Rf2 56. Rc2 Bd2 57. Nd3 Re2 58. Ne1 Rf2 59. Nd3
Bxc3+ 60. Kxc3 Rxc2+ 61. Kxc2 g2 62. b5 g1=Q 63. Kc3 e4 64. Nb4 Qc5+ 0-1

[Event "5. Fair-Open 2005"]
[Site "Jena"]
[Date "2005.10.21"]
[Round "7.5"]
[White "Hillmann, Ralf"]
[Black "Müller, Reinhold"]
[Result "0-1"]
[WhiteElo "1951"]
[BlackElo "2132"]
[PlyCount "58"]
[EventDate "2005.??.??"]

1. d4 Nf6 2. Nf3 c5 3. d5 e6 4. dxe6 fxe6 5. c4 Be7 6. Nc3 d5 7. Bg5 d4 8. Bxf6
Bxf6 9. Ne4 O-O 10. g3 b6 11. Bg2 Nc6 12. O-O Bb7 13. a3 Rb8 14. Qd3 Qe7 15. h4
h6 16. Rab1 a5 17. b3 Rf7 18. Nxf6+ Qxf6 19. Qd2 e5 20. Nh2 Ne7 21. e4 Nc6 22.
Qd3 Qe6 23. Rb2 Ba6 24. f4 b5 25. Rc2 a4 26. f5 Qd6 27. Rf3 axb3 28. Qxb3 bxc4
29. Qa4 Bb5 0-1

[Event "5. Fair-Open 2005"]
[Site "Jena"]
[Date "2005.10.21"]
[Round "7.7"]
[White "Baumert, Andree"]
[Black "Kwossek, Georg"]
[Result "0-1"]
[WhiteElo "1892"]
[BlackElo "2110"]
[PlyCount "70"]
[EventDate "2005.??.??"]

1. Nf3 Nf6 2. c4 e6 3. g3 d5 4. Bg2 Be7 5. b3 O-O 6. Bb2 c6 7. O-O Nbd7 8. d3
b5 9. Nd4 Qb6 10. cxd5 cxd5 11. a3 Bb7 12. b4 Rfc8 13. Nd2 a5 14. bxa5 Rxa5 15.
N2b3 Ra4 16. Qd2 b4 17. Rfb1 bxa3 18. Bc3 a2 19. Rb2 Bb4 20. Bxb4 Rxb4 21.
Raxa2 Ra8 22. Na5 Rxb2 23. Rxb2 Qxd4 24. Nxb7 Ra1+ 25. Bf1 h5 26. Ra2 Rb1 27.
Ra8+ Nf8 28. Na5 Qa1 29. Kg2 Rxf1 30. Qb4 Rg1+ 31. Kf3 N6d7 32. Qd6 Ne5+ 33.
Ke3 Qc1+ 34. Kd4 Qa1+ 35. Ke3 Neg6 0-1

[Event "5. Fair-Open 2005"]
[Site "Jena"]
[Date "2005.10.21"]
[Round "7.8"]
[White "Kretzschmar, Bernd"]
[Black "Pichl, Michael"]
[Result "0-1"]
[WhiteElo "1883"]
[BlackElo "2110"]
[PlyCount "92"]
[EventDate "2005.??.??"]

1. e4 c5 2. Nf3 g6 3. d3 Bg7 4. g3 Nc6 5. Bg2 e6 6. O-O Nge7 7. Nbd2 O-O 8. Re1
d6 9. c3 b5 10. Nf1 b4 11. d4 bxc3 12. bxc3 Qa5 13. Bd2 Ba6 14. e5 dxe5 15.
Nxe5 Nxe5 16. dxe5 Rad8 17. Qc1 Rd7 18. Bg5 Nd5 19. Bxd5 Rxd5 20. Bf6 Bxf1 21.
Kxf1 Bxf6 22. exf6 Qd8 23. c4 Rf5 24. g4 Rxf6 25. Qe3 Qb8 26. Qe5 Rf4 27. Qe2
Rd4 28. Kg1 Qf4 29. h3 Rxc4 30. Rad1 Rd4 31. Qe3 Qxe3 32. fxe3 Rxd1 33. Rxd1
Rc8 34. Rc1 Kf8 35. Kf2 Ke7 36. Ke2 c4 37. Rc3 Kd6 38. Kd2 Ke5 39. Ra3 Rc7 40.
Kc3 Ke4 41. h4 f5 42. g5 Kxe3 43. Ra6 e5 44. Rf6 f4 45. h5 gxh5 46. Rh6 f3 0-1